Research methods in education
Αποθηκεύτηκε σε:
| Κύριος συγγραφέας: | |
|---|---|
| Άλλοι συγγραφείς: | , |
| Μορφή: | Βιβλίο |
| Γλώσσα: | English |
| Δημοσίευση: |
London; New York :
RoutledgeFalmer,
[c2000].
|
| Έκδοση: | 5η έκδ. |
| Θέματα: | |
| Ετικέτες: |
Προσθήκη ετικέτας
Δεν υπάρχουν, Καταχωρήστε ετικέτα πρώτοι!
|
MARC
| LEADER | 00000cam a2200000 i 4500 | ||
|---|---|---|---|
| 001 | 1/32008 | ||
| 008 | 060706s2000 enk| ||| |||| ||eng|| | ||
| 020 | |a 0415195411 | ||
| 035 | |l 10084562 | ||
| 040 | |a GR-MY-UA |b gre |e aacr | ||
| 041 | 0 | |a eng | |
| 082 | 7 | |a 370.72 |2 (22) | |
| 100 | 1 | |a Cohen, Louis, |d 1928- | |
| 245 | 1 | 0 | |a Research methods in education / |c Louis Cohen ; Lawrence Manion and Keith Morrison. |
| 250 | |a 5η έκδ. | ||
| 260 | |a London; New York : |b RoutledgeFalmer, |c [c2000]. | ||
| 300 | |a xvi, 446 σ. ; |c 25 εκ. | ||
| 500 | |a Reprinted 2005. | ||
| 504 | |a Βιβλιογραφία: σ. 407-437. Ευρετήριο. | ||
| 650 | 0 | 0 | |a Education |x Research. |
| 650 | 0 | 0 | |a Action research in education |z Great Britain. |
| 700 | 1 | |a Manion, Lawrence. | |
| 700 | 1 | |a Morrison, Keith |q (Keith R. B.) | |
| 767 | 0 | 8 | |i Μεταφρασμένο ως: |t Μεθοδολογία εκπαιδευτικής έρευνας / |
| 852 | |a INST |b RHODES |e 20060706 |h 370.72 COH |p 005400024683 |q 005400024683 |t BK |y 0 | ||
| 901 | |a BIBL4-2006-2 | ||
| 909 | |a Ρ |b 126632 | ||
| 920 | |a ΑΝΑΜΟΡΦΩΣΗ |b ΕΠΕΑΕΚ ΙΙ-ΠΤΔΕ |y Ρόδος |z 2006-06 | ||
| 970 | |a ΚΟΖΑ |b ΜΑΡΙΑ |z 2006/07/06 | ||